000
00328nam a2200121 a 4500
005
20141022142009.0
008
120229s19uu xx 00 eng d
050
_a
CD
_b
St9 2007
100
_a
Hargreaves, Sandra
245
_a
Study skills for dyslexic students /
_c
edited by Sandra Hargreaves.
260
_c
2007.
942
_c
AVM
999
_c
276663
_d
276663